[Event "CCT Play-in Chessable Masters 2024"]
[Site "Online"]
[Date "2024.01.31"]
[Round "5"]
[White "Tregubov, Pavel V."]
[Black "GMKrikor"]
[Result "0-1"]
[WhiteElo "2567"]
[BlackElo "2521"]
[Annotator "RC"]
[PlyCount "110"]
[EventDate "2024.01.26"]
[EventType "swiss"]
[EventCountry "NET"]
[SourceTitle "playchess.com"]
[Source "ChessBase"]
[SourceQuality "1"]

1. e4 e6 2. d4 d5 3. exd5 exd5 4. Nf3 Nc6 5. h3 Bd6 6. Bd3 Nge7 7. O-O O-O 8. c3 Bf5 9. Re1 Qd7 10. Bxf5 Nxf5 11. Nbd2 Rfe8 12. Nf1 Rxe1 13. Qxe1 Re8 14. Qd1 Nd8 15. Qd3 f6 16. Bd2 c6 17. Re1 Rxe1 18. Nxe1 Nf7 19. Qf3 Bf8 20. Nd3 N5d6 21. Nc5 Qe8 22. Qe3 Qxe3 23. Nxe3 Nd8 24. f3 Kf7 25. Kf2 h5 26. g4 hxg4 27. hxg4 b6 28. Nd3 Ne6 29. b3 g6 30. Ke2 Ke8 31. Be1 Kd7 32. a4 Bh6 33. Bg3 Nb7 34. Bb8 a6 35. b4 a5 36. Bg3 axb4 37. Nxb4 Na5 38. Ng2 Bf8 39. Nh4 Nxd4+ 40. cxd4 Bxb4 41. Nxg6 Nb3 42. Ke3 Bc3 43. Kd3 Bxd4 44. Nh4 c5 45. Nf5 c4+ 46. Kc2 Bc5 47. Kc3 Na5 48. Bh4 Ke6 49. Ng7+ Kf7 50. Nf5 Nc6 51. Bg3 Bb4+ 52. Kc2 d4 53. Bf2 d3+ 54. Kd1 c3 55. Kc1 Ba3+ 0-1

[Event "CCT Play-in Chessable Masters 2024"]
[Site "Online"]
[Date "2024.01.31"]
[Round "5"]
[White "Bernadskiy, Vitaliy"]
[Black "Guliyev, Namig"]
[Result "1-0"]
[WhiteElo "2566"]
[BlackElo "2506"]
[Annotator "RC"]
[PlyCount "61"]
[EventDate "2024.01.26"]
[EventType "swiss"]
[EventCountry "NET"]
[SourceTitle "playchess.com"]
[Source "ChessBase"]
[SourceQuality "1"]

1. e4 e5 2. Nf3 Nf6 3. Nxe5 d6 4. Nf3 Nxe4 5. d4 d5 6. Bd3 Nc6 7. O-O Be7 8. Re1 Bg4 9. c3 f5 10. Nbd2 Qd6 11. h3 Bh5 12. Be2 O-O-O 13. Nf1 g5 14. Ne5 Bxe2 15. Qxe2 Nxe5 16. dxe5 Qg6 17. Be3 g4 18. hxg4 fxg4 19. Rad1 Rhf8 20. Bxa7 Rf5 21. Ne3 Rxf2 22. Nxd5 Rxd5 23. Bxf2 g3 24. Bd4 Nf2 25. Bxf2 gxf2+ 26. Qxf2 Bc5 27. Rd4 b6 28. e6 Bxd4 29. cxd4 Rf5 30. Qxf5 Qxf5 31. e7 1-0

[Event "CCT Play-in Chessable Masters 2024"]
[Site "Online"]
[Date "2024.01.31"]
[Round "5"]
[White "Lazavik, Denis"]
[Black "Yoo, Christopher Woojin"]
[Result "1/2-1/2"]
[WhiteElo "2566"]
[BlackElo "2595"]
[Annotator "RC"]
[PlyCount "117"]
[EventDate "2024.01.26"]
[EventType "swiss"]
[EventCountry "NET"]
[SourceTitle "playchess.com"]
[Source "ChessBase"]
[SourceQuality "1"]

1. d4 Nf6 2. c4 e6 3. Nf3 d5 4. g3 Bb4+ 5. Bd2 Be7 6. Bg2 O-O 7. Qc2 Nbd7 8. Bf4 c5 9. dxc5 Bxc5 10. O-O Qe7 11. cxd5 Nxd5 12. Bg5 f6 13. Bd2 b5 14. Nc3 Nxc3 15. Bxc3 Bb7 16. Ng5 fxg5 17. Bxb7 Rab8 18. Be4 h6 19. Rad1 b4 20. Bd4 Rfc8 21. Bxc5 Nxc5 22. Bf3 b3 23. axb3 Nxb3 24. Qe4 Nc5 25. Qd4 a5 26. Rc1 Qf6 27. Qe3 Nd7 28. b3 Qe5 29. Rxc8+ Rxc8 30. Qd2 Nf6 31. e3 Qc3 32. Qxc3 Rxc3 33. Ra1 Rxb3 34. Rxa5 Rb1+ 35. Kg2 Rb2 36. h3 Kf7 37. Ra7+ Kf8 38. Ra4 Ke7 39. Rc4 Kf7 40. Bc6 Ke7 41. Kf3 Nd7 42. Bxd7 Kxd7 43. h4 gxh4 44. Rg4 g5 45. gxh4 Rb5 46. hxg5 hxg5 47. Ra4 Ke7 48. Kg4 Kf6 49. Ra8 Rb4+ 50. Kg3 Rb1 51. Kf3 Rb2 52. e4 Rb4 53. Ra5 Rc4 54. Rb5 Ra4 55. Rc5 Rb4 56. Ra5 Rc4 57. Rb5 Ra4 58. Rc5 Rb4 59. Ra5 1/2-1/2

[Event "CCT Play-in Chessable Masters 2024"]
[Site "Online"]
[Date "2024.01.31"]
[Round "5"]
[White "Ibarra Jerez, Jose Carlos"]
[Black "Gledura, Benjamin"]
[Result "0-1"]
[WhiteElo "2559"]
[BlackElo "2633"]
[Annotator "RC"]
[PlyCount "86"]
[EventDate "2024.01.26"]
[EventType "swiss"]
[EventCountry "NET"]
[SourceTitle "playchess.com"]
[Source "ChessBase"]
[SourceQuality "1"]

1. e4 c5 2. Nf3 d6 3. d4 cxd4 4. Nxd4 Nf6 5. Nc3 a6 6. g3 e5 7. Nb3 Be7 8. Bg5 Nbd7 9. a4 b6 10. Bc4 Bb7 11. Qd3 O-O 12. O-O Qc7 13. Rfd1 Rfc8 14. Nd2 h6 15. Bxf6 Nxf6 16. Bb3 Qc5 17. Nf1 b5 18. Ne3 b4 19. Ncd5 Nxd5 20. Bxd5 Bxd5 21. Nxd5 Bd8 22. Rd2 Rc6 23. b3 Rac8 24. Rad1 Kf8 25. Qf3 a5 26. h4 Qa7 27. Ne3 Bb6 28. Nf5 Rxc2 29. Nxd6 R8c3 30. Qf5 Bd4 31. Nb5 Qc5 32. Nxc3 Rxd2 33. Rxd2 Qxc3 34. Rd1 g6 35. Qf6 Qxg3+ 36. Kf1 Qh3+ 37. Ke2 Qxb3 38. h5 Qc2+ 39. Rd2 Qxe4+ 40. Kf1 Qh1+ 41. Ke2 Qxh5+ 42. Kd3 Qh3+ 43. Kc4 Qc3+ 0-1

[Event "CCT Play-in Chessable Masters 2024"]
[Site "Online"]
[Date "2024.01.31"]
[Round "5"]
[White "Khanin, Semen"]
[Black "ViIIagra"]
[Result "0-1"]
[WhiteElo "2558"]
[BlackElo "2560"]
[Annotator "RC"]
[PlyCount "84"]
[EventDate "2024.01.26"]
[EventType "swiss"]
[EventCountry "NET"]
[SourceTitle "playchess.com"]
[Source "ChessBase"]
[SourceQuality "1"]

1. d4 Nf6 2. c4 g6 3. Nc3 Bg7 4. e4 d6 5. Be2 Na6 6. Be3 O-O 7. h4 h5 8. Nf3 c5 9. Ng5 Ng4 10. Bxg4 Bxg4 11. f3 Bd7 12. Qd2 Rc8 13. d5 Nc7 14. g4 f6 15. Nh3 hxg4 16. fxg4 Bxg4 17. Nf4 Kf7 18. Rg1 Qd7 19. Qf2 Rh8 20. Kd2 Rcg8 21. Rg2 Bh6 22. e5 dxe5 23. Nd3 Bxe3+ 24. Qxe3 b6 25. Rf1 Bf5 26. Rh2 Ne8 27. b3 Nd6 28. Kc1 Bxd3 29. Qxd3 Qg4 30. Qe3 Rh5 31. Rhf2 Qd4 32. Qh3 Rf5 33. Rxf5 gxf5 34. h5 Qg4 35. Qh2 Qg2 36. Rh1 Qxh2 37. Rxh2 Rg1+ 38. Kd2 Kg7 39. Ne2 Rg5 40. Ke3 f4+ 41. Kf3 Kh6 42. Ng1 Rxg1 0-1

[Event "CCT Play-in Chessable Masters 2024"]
[Site "Online"]
[Date "2024.01.31"]
[Round "5"]
[White "Dragun, Kamil"]
[Black "Guseinov, Gadir"]
[Result "1/2-1/2"]
[WhiteElo "2553"]
[BlackElo "2636"]
[Annotator "RC"]
[PlyCount "189"]
[EventDate "2024.01.26"]
[EventType "swiss"]
[EventCountry "NET"]
[SourceTitle "playchess.com"]
[Source "ChessBase"]
[SourceQuality "1"]

1. d4 Nf6 2. c4 g6 3. Nc3 Bg7 4. e4 d6 5. Nf3 O-O 6. Be2 e5 7. O-O exd4 8. Nxd4 Re8 9. f3 c6 10. Kh1 d5 11. cxd5 cxd5 12. Bg5 Nc6 13. Bb5 h6 14. Nxc6 bxc6 15. Bxc6 hxg5 16. Bxa8 d4 17. Ne2 Qb6 18. Rc1 Bd7 19. Bd5 Nxd5 20. exd5 Qxb2 21. Ng3 Qxa2 22. d6 Qd5 23. Ne4 Rxe4 24. fxe4 Qxd6 25. Qc2 Be5 26. Qc5 Bxh2 27. Qxd6 Bxd6 28. Rfd1 Be5 29. Rc5 Bf4 30. Rd5 Be6 31. Rd8+ Kg7 32. R1xd4 Kf6 33. Ra4 Be3 34. Kh2 Bb6 35. Ra8 Ke5 36. Kg3 Bd7 37. Rc4 Bb5 38. Rb4 Bc6 39. Rf8 Bc5 40. Rc4 Bxf8 41. Rxc6 a5 42. Kf3 a4 43. Ke3 a3 44. Ra6 f5 45. Rxg6 Bc5+ 46. Kd3 a2 47. Ra6 fxe4+ 48. Ke2 Kf4 49. Rxa2 Bd4 50. Ra4 Bg1 51. Ra8 Kg3 52. Kf1 Bf2 53. Re8 e3 54. Re4 g4 55. Re8 Kf4 56. Re6 Kf5 57. Rc6 Kf4 58. Rc8 g3 59. Ke2 Ke4 60. Rc4+ Kf5 61. Kf3 Ke5 62. Re4+ Kf5 63. Re8 Kf6 64. Kf4 Kf7 65. Re5 Kf6 66. Re4 Kg6 67. Ke5 Kf7 68. Kf5 Bg1 69. Re5 Bf2 70. Re6 Bg1 71. Rf6+ Ke7 72. Re6+ Kf7 73. Re5 Bf2 74. Re4 Bg1 75. Kg5 Bf2 76. Re5 Bg1 77. Kg4 Bf2 78. Kf3 Kf6 79. Rxe3 Bxe3 80. Kxe3 Kg7 81. Kf4 Kg6 82. Kg4 Kf6 83. Kxg3 Kg5 84. Kf3 Kf5 85. g4+ Kg5 86. Kg3 Kg6 87. Kf4 Kf6 88. g5+ Kg6 89. Kg4 Kg7 90. Kf5 Kf7 91. g6+ Kg7 92. Kg5 Kg8 93. Kf6 Kf8 94. g7+ Kg8 95. Kg6 1/2-1/2

[Event "CCT Play-in Chessable Masters 2024"]
[Site "Online"]
[Date "2024.01.31"]
[Round "5"]
[White "Lodici, Lorenzo"]
[Black "GMBenjaminBok"]
[Result "0-1"]
[WhiteElo "2548"]
[BlackElo "2578"]
[Annotator "RC"]
[PlyCount "113"]
[EventDate "2024.01.26"]
[EventType "swiss"]
[EventCountry "NET"]
[SourceTitle "playchess.com"]
[Source "ChessBase"]
[SourceQuality "1"]

1. d4 Nf6 2. Nc3 d5 3. Bf4 c5 4. e3 cxd4 5. exd4 a6 6. Nf3 Nc6 7. Ne5 Bd7 8. Nxd7 Qxd7 9. Ne2 e6 10. c3 Bd6 11. Be3 O-O 12. Nf4 e5 13. dxe5 Bxe5 14. Nd3 Bc7 15. Be2 Rfe8 16. Nc5 Qe7 17. Nb3 Rad8 18. O-O d4 19. Nxd4 Nxd4 20. cxd4 Nd5 21. Bc4 Nxe3 22. fxe3 Qxe3+ 23. Kh1 Re7 24. Qg4 Qxd4 25. Qxd4 Rxd4 26. Rae1 Rxe1 27. Rxe1 Kf8 28. b3 b5 29. Bf1 Bd6 30. g3 Ba3 31. Kg2 g6 32. Re2 Rd1 33. Rc2 Ra1 34. Be2 Kg7 35. Bf3 Be7 36. Bb7 a5 37. Ba6 b4 38. Bc4 f5 39. Re2 Bf6 40. Rd2 h5 41. h4 Bc3 42. Re2 Kh6 43. Bf7 Bf6 44. Kf3 Rc1 45. Bc4 a4 46. Bf7 a3 47. Be6 Ra1 48. Bf7 Kg7 49. Bc4 Bb2 50. Re7+ Kf8 51. Rb7 Bc3 52. Rf7+ Ke8 53. Ra7 Rxa2 54. Bf7+ Kd8 55. Bxg6 Rd2 56. Bxh5 a2 57. Bg6 0-1

[Event "CCT Play-in Chessable Masters 2024"]
[Site "Online"]
[Date "2024.01.31"]
[Round "5"]
[White "Demidov, Mikhail"]
[Black "Raja Harshit"]
[Result "1/2-1/2"]
[WhiteElo "2546"]
[BlackElo "2508"]
[Annotator "RC"]
[PlyCount "155"]
[EventDate "2024.01.26"]
[EventType "swiss"]
[EventCountry "NET"]
[SourceTitle "playchess.com"]
[Source "ChessBase"]
[SourceQuality "1"]

1. Nf3 d5 2. e3 Nf6 3. c4 e6 4. b3 c5 5. Bb2 Nc6 6. cxd5 exd5 7. Bb5 Bd6 8. O-O O-O 9. d4 cxd4 10. Bxc6 bxc6 11. Qxd4 Re8 12. Nbd2 c5 13. Qh4 Be7 14. Qa4 a5 15. Rfd1 h6 16. Rac1 Bd7 17. Qf4 Be6 18. Bxf6 Bxf6 19. Rxc5 a4 20. Nd4 axb3 21. axb3 Ra2 22. N2f3 Qa8 23. h3 Bd7 24. Rdc1 Ra1 25. R5c2 h5 26. Qd6 Be6 27. Qb4 h4 28. Qe1 Rxc1 29. Rxc1 Bd7 30. Qd2 g6 31. Ne2 Bf5 32. Nfd4 Bd7 33. Nf4 g5 34. Nd3 Rc8 35. Rxc8+ Bxc8 36. Qc1 Bd7 37. b4 Qa2 38. Nc5 Be8 39. b5 Qa5 40. Ncb3 Qb4 41. Qf1 Qc4 42. f4 Bxb5 43. Qf3 Bd7 44. Kh1 Qc3 45. Kh2 Be6 46. Qf2 Bg7 47. Nxe6 fxe6 48. Nd4 gxf4 49. Qxf4 e5 50. Qf5 exd4 51. Qxd5+ Kf8 52. Qd6+ Kf7 53. Qd7+ Kf6 54. Qd6+ Kf7 55. Qd7+ Kg6 56. Qg4+ Kf6 57. Qxh4+ Ke6 58. Qg4+ Kf7 59. Qd7+ Kg6 60. Qg4+ Kf7 61. Qd7+ Kg6 62. Qg4+ Kh7 63. Qh5+ Bh6 64. Qf5+ Kh8 65. Qe5+ Bg7 66. Qh5+ Kg8 67. Qe8+ Kh7 68. Qh5+ Bh6 69. Qf5+ Kg8 70. Qg4+ Bg7 71. Qe6+ Kf8 72. Qf5+ Ke7 73. Qe4+ Kf7 74. Qd5+ Kf8 75. Qd8+ Kf7 76. Qd5+ Kf8 77. Qd8+ Kf7 78. Qd7+ 1/2-1/2

[Event "CCT Play-in Chessable Masters 2024"]
[Site "Online"]
[Date "2024.01.31"]
[Round "5"]
[White "Sychev, Klementy"]
[Black "Angry_Twin"]
[Result "1/2-1/2"]
[WhiteElo "2542"]
[BlackElo "2501"]
[Annotator "RC"]
[PlyCount "140"]
[EventDate "2024.01.26"]
[EventType "swiss"]
[EventCountry "NET"]
[SourceTitle "playchess.com"]
[Source "ChessBase"]
[SourceQuality "1"]

1. e4 c5 2. Nf3 d6 3. d4 cxd4 4. Nxd4 Nf6 5. Nc3 a6 6. Bc4 e6 7. f4 Be7 8. e5 dxe5 9. fxe5 Nd5 10. O-O O-O 11. Qg4 Kh8 12. Kh1 f5 13. exf6 Bxf6 14. Nxe6 Bxe6 15. Qxe6 Nxc3 16. bxc3 Nc6 17. Ba3 Re8 18. Qh3 Qc8 19. Rad1 Qxh3 20. gxh3 Rac8 21. Bb3 Ne5 22. Rde1 h6 23. Bd6 Nc6 24. c4 b6 25. c5 bxc5 26. Bxc5 Rcd8 27. Rxe8+ Rxe8 28. Rf2 Re5 29. Bb6 Re1+ 30. Kg2 Ne5 31. Ba5 Re4 32. Kf1 Ng6 33. Re2 Rf4+ 34. Ke1 Ne5 35. Kd2 Rf3 36. Be6 Ra3 37. Bc7 Nf3+ 38. Kd1 Rc3 39. Bg3 Nd4 40. Re4 Nxc2 41. Bb3 Nd4 42. Re8+ Kh7 43. Bd5 g5 44. Be4+ Kg7 45. Ra8 Nb5 46. Rxa6 Rc8 47. Bf5 Nc3+ 48. Ke1 Re8+ 49. Kf1 Bd4 50. Rd6 Rf8 51. Rxd4 Rxf5+ 52. Kg2 Nxa2 53. Ra4 Nc1 54. Rd4 Ne2 55. Rd7+ Kg6 56. Rd2 Nc3 57. Rd3 Ne4 58. h4 g4 59. h3 h5 60. hxg4 hxg4 61. Re3 Nf6 62. Re5 Nh5 63. Rxf5 Kxf5 64. Bc7 Ke4 65. Bb8 Kf5 66. Bc7 Nf6 67. Bb8 Nd5 68. Kg3 Nc3 69. Bc7 Ne4+ 70. Kg2 Nf6 1/2-1/2

[Event "CCT Play-in Chessable Masters 2024"]
[Site "Online"]
[Date "2024.01.31"]
[Round "5"]
[White "Holt, Conrad"]
[Black "Hovhannisyan, Robert"]
[Result "1-0"]
[WhiteElo "2540"]
[BlackElo "2611"]
[Annotator "RC"]
[PlyCount "139"]
[EventDate "2024.01.26"]
[EventType "swiss"]
[EventCountry "NET"]
[SourceTitle "playchess.com"]
[Source "ChessBase"]
[SourceQuality "1"]

1. d4 d5 2. c4 e6 3. Nc3 Nf6 4. cxd5 exd5 5. Bg5 Be7 6. e3 h6 7. Bh4 Bf5 8. Bd3 Bxd3 9. Qxd3 c6 10. Nf3 Nbd7 11. O-O O-O 12. Nd2 Re8 13. Rad1 Nh5 14. Bxe7 Qxe7 15. Rfe1 Nhf6 16. f3 Rad8 17. Nb3 Nf8 18. a3 Ne6 19. Na5 Qc7 20. b4 b6 21. Nb3 h5 22. Rc1 h4 23. Qf5 Qe7 24. Nd1 g6 25. Qd3 h3 26. gxh3 Nf4 27. Qf1 Rd6 28. e4 dxe4 29. fxe4 N6h5 30. e5 Qe6 31. exd6 Qxe1 32. Qxe1 Rxe1+ 33. Kf2 Nd3+ 34. Kf3 Nxc1 35. d7 Nxb3 36. d8=Q+ Kg7 37. Ne3 Nd2+ 38. Kf2 Ra1 39. Qe7 Nf6 40. Ng4 Nde4+ 41. Ke2 Ra2+ 42. Ke1 Ra1+ 43. Ke2 Nd5 44. Qxa7 Ra2+ 45. Kd3 Ng5 46. h4 Nf4+ 47. Kc4 Nge6 48. Ne5 Rc2+ 49. Kb3 Nxd4+ 50. Ka4 Kf6 51. Nd7+ Kg7 52. Qxb6 Nfe6 53. Qb8 Re2 54. Qd6 Nb5 55. Qd3 Re1 56. Ka5 Ra1 57. a4 Nbd4 58. Qc3 Ra2 59. Nc5 Kh7 60. Nxe6 Nxe6 61. Qxc6 Rxh2 62. b5 Rxh4 63. Qd7 Kg7 64. Qd2 Rd4 65. Qc3 Kh7 66. b6 Rd5+ 67. Kb4 Rd1 68. Qh3+ Kg8 69. Qb3 Nd4 70. Qxd1 1-0

[Event "CCT Play-in Chessable Masters 2024"]
[Site "Online"]
[Date "2024.01.31"]
[Round "5"]
[White "messiboca"]
[Black "Shyam, Sundar M."]
[Result "1-0"]
[WhiteElo "2538"]
[BlackElo "2497"]
[Annotator "RC"]
[PlyCount "121"]
[EventDate "2024.01.26"]
[EventType "swiss"]
[EventCountry "NET"]
[SourceTitle "playchess.com"]
[Source "ChessBase"]
[SourceQuality "1"]

1. c4 f5 2. g3 e5 3. Bg2 Nf6 4. Nc3 d6 5. d3 Be7 6. Nf3 O-O 7. O-O Qe8 8. Bg5 h6 9. Bxf6 Bxf6 10. Nd2 Bd8 11. b4 Nc6 12. b5 Nd4 13. a4 Rb8 14. Nb3 Nxb3 15. Qxb3 Kh8 16. a5 h5 17. Nd5 h4 18. Qa3 Qg6 19. c5 f4 20. b6 cxb6 21. cxd6 Bd7 22. Be4 Qg5 23. Kh1 Bh3 24. gxf4 exf4 25. Rg1 Qe5 26. axb6 a6 27. Rac1 Bf5 28. f3 Be6 29. Ne7 Bxe7 30. dxe7 Rfe8 31. Rc5 Qf6 32. Rh5+ Kg8 33. Bh7+ Kf7 34. Bg6+ Kg8 35. Bxe8 Rxe8 36. Qd6 h3 37. Rxh3 Qxe7 38. Qxe7 Rxe7 39. Rh4 Bd5 40. Rg2 Rf7 41. Kg1 Bc6 42. Kf2 a5 43. Rh5 a4 44. Ra5 Rf6 45. Rgg5 Rh6 46. Rh5 Rg6 47. h4 Rd6 48. Ra8+ Kf7 49. Rf5+ Kg6 50. Rxf4 Bd7 51. Rb4 Bc6 52. Ra5 Kh6 53. d4 Bd7 54. d5 Rg6 55. e4 Kh5 56. Ra7 Kxh4 57. Rxb7 Bh3 58. Rb8 Rg2+ 59. Ke3 Ra2 60. Rh8+ Kg3 61. b7 1-0

[Event "CCT Play-in Chessable Masters 2024"]
[Site "Online"]
[Date "2024.01.31"]
[Round "5"]
[White "Sankalp Gupta"]
[Black "Gascon Del Nogal, Jose Rafael"]
[Result "1-0"]
[WhiteElo "2535"]
[BlackElo "2475"]
[Annotator "RC"]
[PlyCount "94"]
[EventDate "2024.01.26"]
[EventType "swiss"]
[EventCountry "NET"]
[SourceTitle "playchess.com"]
[Source "ChessBase"]
[SourceQuality "1"]

1. e4 c5 2. Nf3 Nc6 3. Nc3 g6 4. d4 cxd4 5. Nxd4 Bg7 6. Be3 Nf6 7. Bc4 O-O 8. Bb3 d6 9. f3 Qa5 10. Qd2 Nxd4 11. Bxd4 Be6 12. O-O-O b5 13. Kb1 b4 14. Ne2 Qb5 15. h4 a5 16. h5 Bxb3 17. cxb3 a4 18. bxa4 Rxa4 19. b3 Ra6 20. hxg6 hxg6 21. Rh3 Rfa8 22. Nc1 Rc6 23. Nd3 Nxe4 24. fxe4 Bxd4 25. Nxb4 Bf6 26. Nxc6 Qxc6 27. Qc2 Qb5 28. Rhd3 Qe5 29. Rd4 Qe6 30. Rd5 Rc8 31. Qe2 Bg7 32. a4 Rc3 33. Ka2 Qc8 34. R1d2 Rc1 35. e5 Qc3 36. Rb2 dxe5 37. Qd2 Qc6 38. Rd8+ Kh7 39. Qf2 Rh1 40. Rc2 Qe6 41. Qe2 e4 42. Rd1 Rh5 43. Qc4 Qf6 44. Qxe4 Rf5 45. Rh1+ Bh6 46. Qh4 Qg7 47. g4 g5 1-0

[Event "CCT Play-in Chessable Masters 2024"]
[Site "Online"]
[Date "2024.01.31"]
[Round "5"]
[White "JSPrepz"]
[Black "Theodorou, Nikolas"]
[Result "1-0"]
[WhiteElo "2533"]
[BlackElo "2627"]
[Annotator "RC"]
[PlyCount "83"]
[EventDate "2024.01.26"]
[EventType "swiss"]
[EventCountry "NET"]
[SourceTitle "playchess.com"]
[Source "ChessBase"]
[SourceQuality "1"]

1. e4 e6 2. d4 d5 3. Nc3 Bb4 4. Nge2 dxe4 5. a3 Bxc3+ 6. Nxc3 Nc6 7. Bb5 Nge7 8. Nxe4 a6 9. Bxc6+ Nxc6 10. Be3 O-O 11. Qh5 f5 12. Ng5 h6 13. Nf3 Qd5 14. Bxh6 Qe4+ 15. Kf1 Qg4 16. Qg5 Nxd4 17. Qxg4 fxg4 18. Nxd4 gxh6 19. Re1 Bd7 20. Re4 e5 21. Rxe5 Rae8 22. Rxe8 Rxe8 23. h4 c5 24. Nb3 Bb5+ 25. Kg1 Re2 26. Nxc5 Bc6 27. Nd3 Rxc2 28. Kh2 Be4 29. Ne5 Rxf2 30. Kg3 Rxb2 31. Re1 Bxg2 32. Nxg4 Bc6 33. Nxh6+ Kg7 34. Ng4 a5 35. h5 Rb3+ 36. Kf4 Rxa3 37. Kg5 Rf3 38. h6+ Kh8 39. Re7 Rg3 40. Kh4 Rf3 41. Ne5 Rf6 42. Kg5 1-0

[Event "CCT Play-in Chessable Masters 2024"]
[Site "Online"]
[Date "2024.01.31"]
[Round "5"]
[White "KantorGergely"]
[Black "Iturrizaga Bonelli, Eduardo"]
[Result "1-0"]
[WhiteElo "2530"]
[BlackElo "2600"]
[Annotator "RC"]
[PlyCount "159"]
[EventDate "2024.01.26"]
[EventType "swiss"]
[EventCountry "NET"]
[SourceTitle "playchess.com"]
[Source "ChessBase"]
[SourceQuality "1"]

1. d4 Nf6 2. c4 e6 3. Nf3 b6 4. a3 Ba6 5. Qc2 c5 6. d5 exd5 7. cxd5 g6 8. Nc3 Bg7 9. e4 Bxf1 10. Kxf1 O-O 11. g3 d6 12. Kg2 a6 13. a4 Nbd7 14. Rf1 Re8 15. Re1 Qc7 16. h3 Rab8 17. Qe2 c4 18. Bf4 Nh5 19. Be3 Ne5 20. g4 Nxf3 21. Qxf3 Nf6 22. Bd4 Nd7 23. Bxg7 Kxg7 24. Qe3 Ne5 25. Re2 Qc5 26. Nd1 Nd3 27. Rc2 b5 28. axb5 axb5 29. f3 Ra8 30. Rb1 Qxe3 31. Nxe3 Ra2 32. Kf1 Rea8 33. Ke2 Nf4+ 34. Kd2 Nxh3 35. Kc3 Nf4 36. Rh2 h6 37. Rbh1 Kf6 38. Nc2 Rc8 39. Nd4 Rc5 40. b4 cxb3+ 41. Kxb3 Rxh2 42. Rxh2 Kg5 43. Nc6 h5 44. gxh5 gxh5 45. Nd8 Rc7 46. Kb4 h4 47. Kxb5 h3 48. Kb6 Rd7 49. Nb7 Kh4 50. Kc6 Rxb7 51. Kxb7 Kg3 52. Rh1 Kg2 53. Ra1 h2 54. Kc7 Ne2 55. Kxd6 Kxf3 56. Rh1 Kg2 57. Rxh2+ Kxh2 58. Ke7 Nc3 59. d6 Nxe4 60. d7 f5 61. d8=Q f4 62. Qh8+ Kg2 63. Qe5 Kf3 64. Ke6 Ng3 65. Kf6 Kg4 66. Qg5+ Kf3 67. Ke5 Ne2 68. Qh5+ Ke3 69. Qg5 Kf3 70. Qg8 Ke3 71. Qb3+ Kf2 72. Ke4 Ke1 73. Qd3 Kf2 74. Qd2 f3 75. Qc2 Kg2 76. Ke3 Kg3 77. Qd1 Kg2 78. Qe1 Ng1 79. Qf2+ Kh1 80. Kd3 1-0

[Event "CCT Play-in Chessable Masters 2024"]
[Site "Online"]
[Date "2024.01.31"]
[Round "5"]
[White "Smirnov, Pavel"]
[Black "Le, Quang Liem"]
[Result "1-0"]
[WhiteElo "2526"]
[BlackElo "2731"]
[Annotator "TA"]
[PlyCount "111"]
[EventDate "2024.01.26"]
[EventType "swiss"]
[EventCountry "NET"]
[SourceTitle "playchess.com"]
[Source "ChessBase"]
[SourceQuality "1"]

1. d4 Nf6 2. c4 e6 3. g3 d5 4. Nf3 dxc4 5. Bg2 c6 6. O-O b5 7. Ne5 Bb7 8. a4 a6 9. b3 cxb3 10. Qxb3 Qxd4 11. Bb2 Qb4 12. Qc2 Qc5 13. Qd3 Be7 14. Nd2 O-O 15. Ne4 Qb6 16. Ng5 h6 17. Ngxf7 Rxf7 18. Qg6 Rf8 19. Ng4 Nbd7 20. Nxh6+ Kh8 21. Nf7+ Kg8 22. Ng5 c5 23. a5 Qa7 24. Bh3 Bd5 25. e4 Bc4 26. e5 Rfe8 27. Rfd1 Nf8 28. Qf7+ Kh8 29. exf6 Bxf6 30. Bxf6 Qxf7 31. Nxf7+ Kg8 32. Nd6 gxf6 33. Nxe8 Rxe8 34. Rd6 b4 35. Bf1 Bxf1 36. Kxf1 c4 37. Rxa6 Nd7 38. Rd6 Nc5 39. Rc6 Ne4 40. Ke1 c3 41. Rb1 Rb8 42. Rb6 Rxb6 43. axb6 Nc5 44. b7 Nxb7 45. Rxb4 Nc5 46. Rc4 Nd3+ 47. Ke2 Ne5 48. Rxc3 Kf7 49. f4 Ng4 50. h3 Nh6 51. g4 Ng8 52. Rc7+ Kg6 53. Kf3 f5 54. g5 e5 55. fxe5 Kxg5 56. Rg7+ 1-0

[Event "CCT Play-in Chessable Masters 2024"]
[Site "Online"]
[Date "2024.01.31"]
[Round "5"]
[White "Gavrilescu, David"]
[Black "AvitalBor"]
[Result "1-0"]
[WhiteElo "2523"]
[BlackElo "2601"]
[Annotator "RC"]
[PlyCount "51"]
[EventDate "2024.01.26"]
[EventType "swiss"]
[EventCountry "NET"]
[SourceTitle "playchess.com"]
[Source "ChessBase"]
[SourceQuality "1"]

1. e4 e5 2. Nf3 Nc6 3. d4 exd4 4. Nxd4 Nf6 5. Nxc6 bxc6 6. Bd3 d5 7. exd5 cxd5 8. O-O Be7 9. c4 O-O 10. cxd5 Nxd5 11. Be4 c6 12. Nc3 Be6 13. Bd2 Bf6 14. Rc1 Rb8 15. b3 Nb4 16. Qe2 Qc7 17. Nb5 Qa5 18. Bxb4 Qxb4 19. Nxa7 Qa3 20. Nxc6 Rbc8 21. Rc2 Rfe8 22. Qf3 Qa6 23. h3 Bd7 24. Rd1 Rxe4 25. Qxe4 Bxc6 26. Rdc1 1-0

[Event "CCT Play-in Chessable Masters 2024"]
[Site "Online"]
[Date "2024.01.31"]
[Round "5"]
[White "Raja Rithvik R"]
[Black "Bosiocic, Marin"]
[Result "1-0"]
[WhiteElo "2522"]
[BlackElo "2549"]
[Annotator "RC"]
[PlyCount "97"]
[EventDate "2024.01.26"]
[EventType "swiss"]
[EventCountry "NET"]
[SourceTitle "playchess.com"]
[Source "ChessBase"]
[SourceQuality "1"]

1. d4 Nf6 2. c4 e6 3. Nf3 d5 4. Nc3 a6 5. c5 Nc6 6. Bf4 Nh5 7. Bg5 Be7 8. Bxe7 Qxe7 9. e3 Nf6 10. Be2 O-O 11. O-O Rd8 12. Rc1 e5 13. dxe5 Nxe5 14. Nxe5 Qxe5 15. Qd4 Qxd4 16. exd4 c6 17. Bd3 Nh5 18. g3 g6 19. Rfe1 Ng7 20. b4 Bf5 21. Bf1 Re8 22. f3 g5 23. Kf2 h5 24. a4 Ne6 25. Rcd1 Kg7 26. Re5 Kf6 27. Rd2 h4 28. Nd1 hxg3+ 29. hxg3 Rh8 30. Ne3 Nxd4 31. f4 gxf4 32. gxf4 Rh2+ 33. Bg2 Rxg2+ 34. Kxg2 Be4+ 35. Rxe4 Ne6 36. Nxd5+ cxd5 37. Rxd5 Rg8+ 38. Kf3 Rh8 39. Rd7 a5 40. Rxb7 axb4 41. Rc4 Rh3+ 42. Kg4 Rc3 43. Rbxb4 Ra3 44. c6 Nc7 45. Rd4 Ke6 46. f5+ Ke5 47. Rd7 Nd5 48. Rb5 Rxa4+ 49. Kh5 1-0

[Event "CCT Play-in Chessable Masters 2024"]
[Site "Online"]
[Date "2024.01.31"]
[Round "5"]
[White "Genghis_K"]
[Black "Sargsyan_Shant"]
[Result "0-1"]
[WhiteElo "2517"]
[BlackElo "2633"]
[Annotator "RC"]
[PlyCount "104"]
[EventDate "2024.01.26"]
[EventType "swiss"]
[EventCountry "NET"]
[SourceTitle "playchess.com"]
[Source "ChessBase"]
[SourceQuality "1"]

1. e4 e5 2. Nf3 Nc6 3. d4 exd4 4. Nxd4 Nf6 5. Nxc6 bxc6 6. Bd3 Bc5 7. e5 Nd5 8. O-O O-O 9. a3 a5 10. c4 Ne7 11. Nc3 Ng6 12. Qh5 Re8 13. Bg5 Rxe5 14. Qxg6 Qxg5 15. Qxh7+ Kf8 16. Qh8+ Ke7 17. Rae1 Bb7 18. Qh7 Bd4 19. Ne4 Qh6 20. Qxh6 gxh6 21. Nc5 Bc8 22. Rxe5+ Bxe5 23. Re1 Kf6 24. Ne4+ Kg7 25. b3 d6 26. Ng3 Rb8 27. Bc2 Be6 28. a4 Bc3 29. Re3 Bd4 30. Rd3 c5 31. Ne2 Be5 32. f4 Bf6 33. f5 Bd7 34. Nf4 Bd4+ 35. Kf1 c6 36. Nh5+ Kf8 37. g4 d5 38. cxd5 cxd5 39. Nf4 Bc6 40. Bd1 Ke7 41. Bf3 Kd6 42. h4 Bb7 43. Kg2 Ke5 44. Kg3 Ba6 45. Rd1 Rxb3 46. Re1+ Kd6 47. g5 hxg5 48. hxg5 Bc8 49. g6 fxg6 50. fxg6 Bf5 51. Re8 Be4 52. Rd8+ Ke7 0-1